000 00790cam a22002413a 4500
001 15946
003 PGUSA
005 20140828083336.0
008 050530s2005||||xxu|||||s|||||000 | eng d
040 _aPGUSA
_beng
042 _adc
050 4 _aPQ
100 1 _aLa Fontaine, Jean de,
_d1621-1695
245 1 4 _aThe Original Fables of La Fontaine :
_bRendered into English Prose by Fredk. Colin Tilney
_h[electronic resource] /
_cJean de La Fontaine
260 _bProject Gutenberg,
_c2005
506 _aPublic domain in the USA.
516 _aElectronic text
653 _aFables, French -- Translations into English
700 1 _aTilney, F. C.
_q(Frederick Colin),
_d1870-1951
830 0 _aProject Gutenberg
_v15946
856 4 0 _uhttp://www.gutenberg.org/ebooks/15946
942 _cEB
999 _c245201
_d245201